[Event "12th Sautron Open"]
[Site "Sautron FRA"]
[Date "2012.10.31"]
[Round "6.2"]
[White "Oleksienko, M."]
[Black "Koziak, V."]
[Result "1-0"]
[WhiteElo "2539"]
[BlackElo "2503"]
[PlyCount "88"]
[EventDate "2012.10.27"]
[SourceDate "1999.07.01"]

1. e4 c5 2. Nf3 Nc6 3. d4 cxd4 4. Nxd4 Nf6 5. Nc3 d6 6. f3 Qb6 7. Nb3 e6 8. Bg5
Be7 9. Qd2 O-O 10. O-O-O Rd8 11. Kb1 a6 12. Be3 Qc7 13. Qf2 Nd7 14. g4 b5 15.
g5 Nce5 16. h4 b4 17. Na4 Rb8 18. Nd2 Bb7 19. b3 d5 20. exd5 Bxd5 21. Rg1 Bc6
22. f4 Bxa4 23. fxe5 Bb5 24. h5 Nxe5 25. g6 hxg6 26. hxg6 Nxg6 27. Bh3 Bh4 28.
Qf3 Rbc8 29. Rc1 Bf6 30. Rxg6 fxg6 31. Bxe6+ Kf8 32. Ne4 Qe5 33. Nxf6 Qxe6 34.
Nh7+ Ke8 35. Qf8+ Kd7 36. Rd1+ Kc7 37. Qc5+ Qc6 38. Qa7+ Qb7 39. Rxd8 Rxd8 40.
Bb6+ Kc6 41. Qxb7+ Kxb7 42. Bxd8 Kc6 43. Be7 a5 44. Bd8 Kd5 1-0

[Event "TCh-AUT 2012-13"]
[Site "Hohenems AUT"]
[Date "2012.11.04"]
[Round "3.1"]
[White "Luther, T."]
[Black "Antoniewski, R."]
[Result "1-0"]
[WhiteElo "2535"]
[BlackElo "2557"]
[PlyCount "127"]
[EventDate "2012.11.02"]
[EventType "team"]
[SourceDate "1999.07.01"]
[WhiteTeam "SK Absam"]
[BlackTeam "ASVO Wulkaprodersdorf"]

1. e4 c5 2. Nf3 Nc6 3. d4 cxd4 4. Nxd4 Nf6 5. Nc3 d6 6. Bg5 Bd7 7. Be2 Qa5 8.
Bxf6 gxf6 9. Nb3 Qg5 10. g3 f5 11. f4 Qh6 12. Nd5 Rc8 13. exf5 Bxf5 14. c3 Rg8
15. Bf3 Bd7 16. Qe2 Rg6 17. O-O Bg7 18. Bh5 Re6 19. Qf3 Nd8 20. Bg4 Bc6 21.
Rad1 Kf8 22. Bxe6 fxe6 23. Qg4 Qg6 24. Qxg6 hxg6 25. Ne3 b6 26. Nd4 Bd7 27. Ng2
b5 28. Nh4 b4 29. cxb4 Rc4 30. Ndf3 Bxb2 31. Nxg6+ Ke8 32. Rb1 Ba3 33. h4 Ba4
34. Nd2 Rd4 35. Nf3 Rc4 36. h5 Nf7 37. Nd2 Rd4 38. Nf3 Rc4 39. Rfe1 Bc2 40.
Rxe6 Bxb1 41. Rxe7+ Kd8 42. Rxf7 Bxb4 43. Ng5 Bxa2 44. Ne6+ Kc8 45. f5 Rc1+ 46.
Kh2 Kb8 47. Ngf4 Rc2+ 48. Kh3 Rc1 49. Kg4 Rh1 50. f6 Bb3 51. Rd7 a5 52. f7 d5
53. Rd8+ Ka7 54. f8=Q Bxf8 55. Rxf8 a4 56. Nd4 Bc4 57. Rf7+ Kb6 58. Rf6+ Ka5
59. Rf8 Kb6 60. Rb8+ Kc5 61. Nfe6+ Kd6 62. Ra8 Bb3 63. Ra6+ Ke7 64. Nf4 1-0

[Event "TCh-CZE Extraliga 2012-13"]
[Site "Czech Republic CZE"]
[Date "2012.11.03"]
[Round "1.2"]
[White "Zherebukh, Y."]
[Black "Kempinski, R."]
[Result "1-0"]
[WhiteElo "2627"]
[BlackElo "2599"]
[PlyCount "61"]
[EventDate "2012.11.03"]
[SourceDate "1999.07.01"]
[WhiteTeam "AD Mahrla Praha"]
[BlackTeam "Rapid Pardubice"]

1. e4 c5 2. Nf3 Nc6 3. Bb5 d6 4. O-O Bd7 5. c3 Nf6 6. Re1 a6 7. Ba4 b5 8. Bc2
e5 9. h3 Be7 10. d4 cxd4 11. cxd4 O-O 12. Nc3 Rc8 13. Be3 exd4 14. Nxd4 Ne5 15.
Nce2 d5 16. Bf4 Nc4 17. e5 Nh5 18. b3 Na3 19. Bd3 g6 20. Be3 Re8 21. Qd2 Bc5
22. Nf3 Bf8 23. Rac1 Ng7 24. Nf4 Bc6 25. e6 fxe6 26. Bd4 Bd7 27. Rxc8 Bxc8 28.
Nxg6 Nf5 29. Bxf5 exf5 30. Rxe8 Qxe8 31. Nxf8 1-0

[Event "4th Marcel Duchamp GM"]
[Site "Buenos Aires ARG"]
[Date "2012.10.25"]
[Round "3"]
[White "Felgaer, R."]
[Black "Alonso, S."]
[Result "1/2-1/2"]
[WhiteElo "2579"]
[BlackElo "2506"]
[PlyCount "88"]
[EventDate "2012.10.23"]
[SourceDate "1999.07.01"]

1. e4 c5 2. Nf3 Nc6 3. d4 cxd4 4. Nxd4 e5 5. Nb5 a6 6. Nd6+ Bxd6 7. Qxd6 Qe7 8.
Qxe7+ Ngxe7 9. Nc3 d5 10. Bd2 Be6 11. exd5 Nxd5 12. O-O-O O-O-O 13. Nxd5 Bxd5
14. Bc3 f6 15. h4 Be6 16. Rxd8+ Rxd8 17. Bd3 h6 18. Re1 Bd5 19. f3 Kc7 20. b3
a5 21. Kb2 b6 22. a3 Rd7 23. Bd2 Nd4 24. b4 Nc6 25. Bc3 Rd8 26. Bb5 axb4 27.
axb4 Ra8 28. Rd1 Be6 29. Bd3 Ra2+ 30. Kb1 Ra4 31. Bb5 Ra8 32. Re1 Bd5 33. Rd1
Be6 34. Bd3 Ra4 35. Bb5 Ra8 36. Re1 Bd5 37. Kc1 Ra2 38. Rd1 Be6 39. Kb1 Ra8 40.
Re1 Bd5 41. Re3 Ne7 42. Be1 Nf5 43. Rc3+ Kb7 44. Bf2 Nd6 1/2-1/2

[Event "28th European Club Cup"]
[Site "Eilat ISR"]
[Date "2012.10.15"]
[Round "5.8"]
[White "Burg, T."]
[Black "Timofeev, Arty"]
[Result "1/2-1/2"]
[WhiteElo "2502"]
[BlackElo "2631"]
[PlyCount "90"]
[EventDate "2012.10.11"]
[SourceDate "1999.07.01"]
[WhiteTeam "Amay"]
[BlackTeam "Schachgesellschaft Zürich"]

1. e4 c5 2. Nf3 Nc6 3. d4 cxd4 4. Nxd4 e6 5. Nc3 Qc7 6. Be3 Nf6 7. f4 Bb4 8.
Ndb5 Qa5 9. Bd2 a6 10. e5 axb5 11. exf6 Bxc3 12. Bxc3 b4 13. fxg7 Rg8 14. Bd4
Qd5 15. Be3 Rxa2 16. Qxd5 Rxa1+ 17. Qd1 Rxd1+ 18. Kxd1 Rxg7 19. g3 d5 20. Bb5
Bd7 21. b3 e5 22. Bxc6 Bxc6 23. Re1 e4 24. Bc5 f5 25. Kd2 h5 26. Ke3 h4 27. Rg1
hxg3 28. Rxg3 Rxg3+ 29. hxg3 Kf7 30. Bxb4 Ke6 31. Kd4 Be8 32. Be1 Bh5 33. Ba5
Bd1 34. c4 Bxb3 35. c5 Kf6 36. Bc3 Kg6 37. Bd2 Kh5 38. Bc1 Kg4 39. Be3 Kxg3 40.
Bc1 Kg4 41. Be3 Kf3 42. Bc1 Ke2 43. Be3 Kf3 44. Bc1 Ke2 45. Be3 Kf3 1/2-1/2

[Event "TATA 50th ch-IND National Premier 2012"]
[Site "Kolkata IND"]
[Date "2012.10.14"]
[Round "13.3"]
[White "Adhiban, Baskaran"]
[Black "Vidit, S."]
[Result "1/2-1/2"]
[WhiteElo "2564"]
[BlackElo "2501"]
[PlyCount "118"]
[EventDate "2012.10.01"]
[SourceDate "1999.07.01"]

1. e4 c5 2. Nf3 Nc6 3. d4 cxd4 4. Nxd4 Qb6 5. Nb3 Nf6 6. Nc3 e6 7. Qe2 Bb4 8.
Bd2 O-O 9. O-O-O d5 10. e5 Bxc3 11. Bxc3 Ne4 12. Be1 a5 13. Nd2 Nc5 14. Qe3 Bd7
15. Kb1 Rfc8 16. Nb3 Ne7 17. Bd3 Bb5 18. Nxc5 Rxc5 19. Bc3 Bxd3 20. Rxd3 Nf5
21. Qd2 Rc4 22. b3 a4 23. Rc1 Rac8 24. Bb2 R4c6 25. g4 Ne7 26. f4 axb3 27. Rxb3
Qc7 28. f5 exf5 29. e6 fxe6 30. Qg5 d4 31. Bxd4 e5 32. Bb2 Rxc2 33. Rc3 Rxc3
34. Rxc3 Qd7 35. Rxc8+ Nxc8 36. gxf5 Qd1+ 37. Bc1 Qd3+ 38. Ka1 Qd4+ 39. Kb1
Qb6+ 40. Bb2 Qf6 41. Qg2 Qxf5+ 42. Kc1 Qf4+ 43. Kb1 Qf7 44. Ka1 e4 45. Qxe4
Qf1+ 46. Qb1 Qxb1+ 47. Kxb1 Kf7 48. Kc2 g5 49. Kd3 Ke6 50. Kd4 h5 51. a4 h4 52.
a5 Kf5 53. Bc3 g4 54. Be1 Ne7 55. Kc5 g3 56. Bxg3 hxg3 57. hxg3 Nc8 58. Kb5 Kg4
59. a6 bxa6+ 1/2-1/2

[Event "12th Winterthurer Schachwoche"]
[Site "Winterthur SUI"]
[Date "2012.10.11"]
[Round "6"]
[White "Ulibin, M."]
[Black "Perunovic, Mil"]
[Result "1/2-1/2"]
[WhiteElo "2529"]
[BlackElo "2617"]
[PlyCount "21"]
[EventDate "2012.10.06"]
[SourceDate "1999.07.01"]

1. e4 c5 2. Nf3 Nc6 3. Bb5 d6 4. Bxc6+ bxc6 5. O-O e5 6. c3 Nf6 7. Re1 Be7 8.
d4 cxd4 9. cxd4 exd4 10. Nxd4 Bd7 11. Nc3 1/2-1/2

[Event "34th Rashid Nezhmetdinov Cup"]
[Site "Kazan RUS"]
[Date "2012.10.02"]
[Round "7.4"]
[White "Vorobiov, E."]
[Black "Goganov, A."]
[Result "1/2-1/2"]
[WhiteElo "2594"]
[BlackElo "2525"]
[PlyCount "44"]
[EventDate "2012.09.25"]
[SourceDate "1999.07.01"]

1. e4 c5 2. Nf3 Nc6 3. c3 Nf6 4. e5 Nd5 5. d4 cxd4 6. cxd4 d6 7. Bc4 Nb6 8. Bb5
dxe5 9. Nxe5 Bd7 10. Nc3 Nxe5 11. dxe5 Bxb5 12. Nxb5 Qxd1+ 13. Kxd1 O-O-O+ 14.
Ke2 Rd5 15. a4 Rxe5+ 16. Be3 Nd5 17. Rac1+ Kb8 18. Rhd1 e6 19. Kf3 Rf5+ 20. Ke2
Re5 21. Kf3 Rf5+ 22. Ke2 Re5 1/2-1/2

[Event "TCh-Moscow 2012"]
[Site "Moscow RUS"]
[Date "2012.10.07"]
[Round "7.1"]
[White "Popov, Iv RUS"]
[Black "Reshetnikov, Al"]
[Result "1/2-1/2"]
[WhiteElo "2614"]
[BlackElo "2503"]
[PlyCount "45"]
[EventDate "2012.09.23"]
[SourceDate "1999.07.01"]
[WhiteTeam "Navigator"]
[BlackTeam "RSSU"]

1. e4 c5 2. Nf3 Nc6 3. d4 cxd4 4. Nxd4 g6 5. c4 Nf6 6. Nc3 d6 7. Be2 Nxd4 8.
Qxd4 Bg7 9. Be3 O-O 10. Qd2 a5 11. O-O a4 12. Rac1 Qa5 13. f3 Be6 14. Nd5 Qxd2
15. Nxe7+ Kh8 16. Bxd2 Rfe8 17. Nd5 Nxd5 18. cxd5 Bxd5 19. Bb5 Re5 20. Bxa4
Bxa2 21. b3 Rc5 22. Be3 Re5 23. Bd2 1/2-1/2

[Event "Baku Open 2012"]
[Site "Baku AZE"]
[Date "2012.09.26"]
[Round "5.7"]
[White "Safarli, E."]
[Black "Korobov, A."]
[Result "0-1"]
[WhiteElo "2620"]
[BlackElo "2705"]
[PlyCount "68"]
[EventDate "2012.09.22"]
[SourceDate "1999.07.01"]

1. e4 c5 2. Nf3 Nc6 3. Bb5 e6 4. O-O Nge7 5. Nc3 a6 6. Bxc6 Nxc6 7. d4 cxd4 8.
Nxd4 d6 9. Re1 Be7 10. Nxc6 bxc6 11. Qg4 Kf8 12. b3 Qa5 13. Bb2 e5 14. Qe2 Be6
15. Na4 f6 16. c4 Kf7 17. Bc3 Qc7 18. Qh5+ g6 19. Qh6 g5 20. Rad1 Bg4 21. c5
Bf8 22. cxd6 Qa7 23. Qxf8+ Rhxf8 24. Rd2 c5 25. Ba5 Rab8 26. Rc1 Rb5 27. Bc7
Be6 28. Rdc2 c4 29. bxc4 Rb4 30. Nb2 Qd4 31. Nd1 Rxc4 32. Rxc4 Bxc4 33. Ne3
Bxa2 34. Rd1 Qc3 0-1

[Event "Baku Open 2012"]
[Site "Baku AZE"]
[Date "2012.09.26"]
[Round "5.10"]
[White "Mamedov, Rau"]
[Black "Guseinov, G."]
[Result "1/2-1/2"]
[WhiteElo "2634"]
[BlackElo "2613"]
[PlyCount "63"]
[EventDate "2012.09.22"]
[SourceDate "1999.07.01"]

1. e4 c5 2. Nf3 Nc6 3. d4 cxd4 4. Nxd4 g6 5. c4 Nf6 6. Nc3 Nxd4 7. Qxd4 d6 8.
Be2 Bg7 9. Be3 O-O 10. Qd2 Qa5 11. f3 Be6 12. Rc1 Rfc8 13. b3 a6 14. Na4 Qxd2+
15. Kxd2 Nd7 16. g4 f5 17. exf5 gxf5 18. h3 Rf8 19. f4 Rad8 20. Nc3 d5 21. cxd5
Nf6 22. Bb6 Nxd5 23. Bxd8 Rxd8 24. Nxd5 Bxd5 25. Ke3 Bxh1 26. Rxh1 Bd4+ 27. Kf3
Bc5 28. gxf5 Kg7 29. Rc1 b6 30. a4 a5 31. Rd1 Rxd1 32. Bxd1 1/2-1/2

[Event "Vladivostok Russian Cup 2012"]
[Site "Vladivostok RUS"]
[Date "2012.09.19"]
[Round "3.8"]
[White "Timofeev, Arty"]
[Black "Belozerov, A."]
[Result "0-1"]
[WhiteElo "2640"]
[BlackElo "2506"]
[PlyCount "146"]
[EventDate "2012.09.17"]
[SourceDate "1999.07.01"]

1. e4 c5 2. Nf3 Nc6 3. d4 cxd4 4. Nxd4 Nf6 5. Nc3 d6 6. Bg5 e6 7. Qd2 Be7 8.
O-O-O O-O 9. f3 a6 10. h4 Nxd4 11. Qxd4 b5 12. Kb1 Bb7 13. Bd3 Rc8 14. Rhe1 Qc7
15. g4 Rfd8 16. a3 h6 17. Bd2 d5 18. Qg1 Bc5 19. Qg2 dxe4 20. fxe4 h5 21. gxh5
Nxh5 22. Qf3 g6 23. Ne2 Bf8 24. Bc3 Qe7 25. Rg1 Rxc3 26. Nxc3 Bg7 27. Rdf1 Rd7
28. Ne2 Qxh4 29. Qe3 Qh2 30. Rg5 Nf6 31. Nf4 Qh6 32. Rg3 e5 33. Ne2 Qxe3 34.
Rxe3 Rd6 35. Nc3 Bh6 36. Ref3 Kg7 37. a4 b4 38. Na2 a5 39. Nc1 Bxc1 40. Kxc1
Bc8 41. Bc4 Bg4 42. Rg3 Be6 43. Bxe6 Rxe6 44. Re3 Rc6 45. Ref3 Re6 46. c3 bxc3
47. bxc3 g5 48. Kc2 Kg6 49. Kd3 Rd6+ 50. Ke3 Rc6 51. c4 Ng4+ 52. Kd3 Nh2 53.
Rxf7 Nxf1 54. Rxf1 g4 55. Rc1 Rc5 56. Rb1 Rc8 57. Rc1 Kg5 58. c5 g3 59. Ke3 Kg4
60. c6 Rc7 61. Rc5 Kh3 62. Rxe5 g2 63. Rg5 Rxc6 64. Rg8 Rc3+ 65. Kf2 Rc2+ 66.
Kf3 Kh2 67. e5 Kg1 68. e6 Kf1 69. Ke4 g1=Q 70. Rxg1+ Kxg1 71. Kd5 Kf2 72. e7
Re2 73. Kd6 Ke1 0-1

[Event "TCh-SRB Prem 2012"]
[Site "Valjevo SRB"]
[Date "2012.09.21"]
[Round "5.1"]
[White "Todorovic, GM."]
[Black "Vuckovic, Bo"]
[Result "1/2-1/2"]
[WhiteElo "2502"]
[BlackElo "2604"]
[PlyCount "80"]
[EventDate "2012.09.17"]
[SourceDate "1999.07.01"]
[WhiteTeam "SK Crvena Zvezda Beograd"]
[BlackTeam "Novosadski SK DDOR"]

1. e4 c5 2. Nf3 Nc6 3. d4 cxd4 4. Nxd4 Nf6 5. Nc3 d6 6. Bc4 Qb6 7. Nb3 e6 8.
Bf4 Ne5 9. Be2 Bd7 10. Qd2 Be7 11. O-O-O O-O 12. g4 Bc6 13. h3 Nfd7 14. h4 Rfc8
15. g5 Nc5 16. Nxc5 Qxc5 17. Be3 Qa5 18. Kb1 Bf8 19. f4 Nd7 20. g6 Nf6 21.
gxf7+ Kh8 22. Rhg1 Qc7 23. Bd3 Rd8 24. Qe2 d5 25. exd5 exd5 26. Bd4 Qxf7 27. h5
Re8 28. Qg2 Nxh5 29. Rh1 Re6 30. Qg5 Be8 31. Nxd5 h6 32. Qg4 Rd8 33. Nc7 Red6
34. Ne6 Rxd4 35. Nxg7 Bxg7 36. Qxh5 Qxh5 37. Rxh5 Rxf4 38. a3 b6 39. Re1 Rf7
40. Ka2 Rc7 1/2-1/2

[Event "TCh-SRB Prem 2012"]
[Site "Valjevo SRB"]
[Date "2012.09.21"]
[Round "5.1"]
[White "Brenjo, S."]
[Black "Perunovic, Mil"]
[Result "0-1"]
[WhiteElo "2512"]
[BlackElo "2614"]
[PlyCount "57"]
[EventDate "2012.09.17"]
[SourceDate "1999.07.01"]
[WhiteTeam "SK Lasta Beograd"]
[BlackTeam "SK Vodovod Kragujevac"]

1. e4 c5 2. Nf3 Nc6 3. d4 cxd4 4. Nxd4 e5 5. Nb5 d6 6. N1c3 a6 7. Na3 b5 8. Nd5
Nge7 9. c4 Nd4 10. Be3 Nxd5 11. exd5 Nf5 12. Bd2 e4 13. Nc2 Be7 14. cxb5 O-O
15. Be2 Bf6 16. Bc3 Bxc3+ 17. bxc3 Nh4 18. Ne3 f5 19. g3 f4 20. gxf4 Qf6 21.
Qd4 Qxf4 22. O-O-O axb5 23. Rhg1 Nf5 24. Qd2 Qxf2 25. Nxf5 Bxf5 26. Rg3 Bg6 27.
Rdg1 e3 28. Qb2 Qxh2 29. R3g2 0-1

[Event "3rd Oliver Gonzalez Mem Open A"]
[Site "Madrid ESP"]
[Date "2012.09.07"]
[Round "7.2"]
[White "Kravtsiv, M."]
[Black "Anton Guijarro, D."]
[Result "1/2-1/2"]
[WhiteElo "2581"]
[BlackElo "2546"]
[PlyCount "70"]
[EventDate "2012.09.01"]
[SourceDate "1999.07.01"]

1. e4 c5 2. Nf3 Nc6 3. d4 cxd4 4. Nxd4 g6 5. Nc3 Bg7 6. Be3 Nf6 7. Be2 O-O 8.
Nb3 d6 9. O-O Be6 10. f4 Rc8 11. Kh1 a6 12. f5 Bd7 13. a4 Ne5 14. a5 Rxc3 15.
bxc3 Nxe4 16. fxg6 Nxc3 17. gxh7+ Kh8 18. Qd2 Nxe2 19. Qxe2 Bb5 20. Qh5 Bxf1
21. Rxf1 Qc8 22. Nd4 Qg4 23. Qxg4 Nxg4 24. Bg1 Bxd4 25. Bxd4+ Kxh7 26. Rb1 e5
27. Ba7 Rc8 28. h3 Nf6 29. Rxb7 Kg6 30. Rb6 Ne4 31. Bb8 Rd8 32. Bc7 Rd7 33. Bb8
Rd8 34. Bc7 Rd7 35. Bb8 Rd8 1/2-1/2

[Event "40th Olympiad Open"]
[Site "Istanbul TUR"]
[Date "2012.09.03"]
[Round "6.20"]
[White "Dominguez Perez, L."]
[Black "Al Modiahki, M."]
[Result "1/2-1/2"]
[WhiteElo "2725"]
[BlackElo "2542"]
[PlyCount "90"]
[EventDate "2012.08.28"]
[SourceDate "1999.07.01"]
[WhiteTeam "Cuba"]
[BlackTeam "Qatar"]
[WhiteTeamCountry "GAM"]
[BlackTeamCountry "MSH"]

1. e4 c5 2. Nf3 Nc6 3. d4 cxd4 4. Nxd4 g6 5. c4 Nf6 6. Nc3 Nxd4 7. Qxd4 d6 8.
Be2 Bg7 9. Be3 O-O 10. Qd2 a5 11. f3 a4 12. Rc1 Qa5 13. Rc2 Be6 14. Nd5 Bxd5
15. cxd5 Nd7 16. Qxa5 Rxa5 17. O-O Nc5 18. Rb1 h5 19. Kf1 Kh7 20. Bg5 f6 21.
Bd2 Raa8 22. b4 axb3 23. axb3 Rfc8 24. Ke1 Bh6 25. Bxh6 Kxh6 26. b4 Na6 27. Kd2
Rxc2+ 28. Kxc2 f5 29. Bd3 fxe4 30. Bxe4 Nc7 31. Kb2 Ra4 32. Kb3 b5 33. f4 Kg7
34. Bf3 Na6 35. Kc3 Ra3+ 36. Kd4 Ra4 37. Be2 Nc7 38. Rb2 Kf6 39. Bd3 Ra3 40. g3
Ra4 41. Rb3 Ra1 42. Rc3 Na6 43. Rb3 Nc7 44. Rc3 Na6 45. Rb3 Nc7 1/2-1/2

[Event "40th Olympiad Open"]
[Site "Istanbul TUR"]
[Date "2012.09.04"]
[Round "7.12"]
[White "Palac, M."]
[Black "Kotronias, V."]
[Result "1/2-1/2"]
[WhiteElo "2599"]
[BlackElo "2589"]
[PlyCount "75"]
[EventDate "2012.08.28"]
[SourceDate "1999.07.01"]
[WhiteTeam "Croatia"]
[BlackTeam "Greece"]
[WhiteTeamCountry "FRM"]
[BlackTeamCountry "KGZ"]

1. e4 c5 2. Nf3 Nc6 3. Bb5 d6 4. O-O Bd7 5. Re1 Nf6 6. c3 a6 7. Ba4 b5 8. Bc2
Bg4 9. a4 b4 10. a5 Rb8 11. Ba4 Bd7 12. d4 bxc3 13. bxc3 cxd4 14. cxd4 e5 15.
Bg5 Be7 16. Bxc6 Bxc6 17. dxe5 dxe5 18. Qxd8+ Rxd8 19. Nxe5 Bxe4 20. Nc3 Ba8
21. Nc4 Kf8 22. Rab1 h6 23. Bf4 Nd5 24. Nxd5 Bxd5 25. Bc7 Re8 26. Nd6 Ra8 27.
Nf5 Be6 28. Nxe7 Kxe7 29. Be5 Kf8 30. Rb7 Bd5 31. Rd7 Bc6 32. Rc7 Bb5 33. Re3
Re8 34. h4 h5 35. Bd6+ Kg8 36. Rxe8+ Bxe8 37. Ra7 Bb5 38. Ra8+ 1/2-1/2

[Event "40th Olympiad Open"]
[Site "Istanbul TUR"]
[Date "2012.09.04"]
[Round "7.15"]
[White "Amin, B."]
[Black "Ivanisevic, I."]
[Result "0-1"]
[WhiteElo "2643"]
[BlackElo "2645"]
[PlyCount "60"]
[EventDate "2012.08.28"]
[SourceDate "1999.07.01"]
[WhiteTeam "Egypt"]
[BlackTeam "Serbia"]
[WhiteTeamCountry "HAI"]

1. e4 c5 2. Nf3 Nc6 3. Bb5 d6 4. O-O Bd7 5. Re1 Nf6 6. c3 a6 7. Bf1 Bg4 8. h3
Bxf3 9. Qxf3 g6 10. d3 Bg7 11. Be3 O-O 12. Nd2 b5 13. d4 cxd4 14. cxd4 Nb4 15.
Rec1 Rc8 16. Rxc8 Qxc8 17. a3 Nc6 18. Rc1 e5 19. d5 Nd4 20. Qd1 Qd7 21. Bxd4
exd4 22. Rc6 Re8 23. Qc2 Bh6 24. Rxa6 Bxd2 25. Qxd2 Rxe4 26. Qb4 Qe7 27. Qxb5
Re1 28. Qc4 Rd1 29. g4 Qe1 30. Kg2 Rd2 0-1

[Event "40th Olympiad Open"]
[Site "Istanbul TUR"]
[Date "2012.09.04"]
[Round "7.20"]
[White "Berg, E."]
[Black "Sebenik, M."]
[Result "0-1"]
[WhiteElo "2576"]
[BlackElo "2552"]
[PlyCount "83"]
[EventDate "2012.08.28"]
[SourceDate "1999.07.01"]
[WhiteTeam "Sweden"]
[BlackTeam "Slovenia"]
[WhiteTeamCountry "BNN"]
[BlackTeamCountry "ZAR"]

1. e4 c5 2. Nf3 Nc6 3. Bb5 e6 4. Bxc6 bxc6 5. Qe2 Ne7 6. d3 Qc7 7. e5 Ng6 8. b3
f6 9. Bb2 Be7 10. Nbd2 O-O 11. O-O-O fxe5 12. Nxe5 Nf4 13. Qe4 d6 14. Qxc6 Qb7
15. Qxb7 Bxb7 16. Nef3 e5 17. Rdg1 Ne2+ 18. Kd1 Nxg1 19. Rxg1 g5 20. h3 Rf4 21.
Ke2 Raf8 22. Rf1 h5 23. Ne1 g4 24. hxg4 hxg4 25. c4 R4f7 26. f3 Bh4 27. Nc2 Bg5
28. Ne4 Bxe4 29. dxe4 Rh7 30. fxg4 Rxf1 31. Kxf1 Rh4 32. Na3 a6 33. Ke2 Rxg4
34. Kf3 Rf4+ 35. Ke3 Rf1+ 36. Ke2 Rg1 37. Kf3 Rd1 38. Nc2 Rd2 39. Bc1 Rxc2 40.
Bxg5 Kf7 41. g4 Rxa2 42. Bd8 0-1

[Event "40th Olympiad Open"]
[Site "Istanbul TUR"]
[Date "2012.09.05"]
[Round "8.7"]
[White "Ortiz Suarez, I."]
[Black "Bauer, Ch"]
[Result "0-1"]
[WhiteElo "2569"]
[BlackElo "2682"]
[PlyCount "98"]
[EventDate "2012.08.28"]
[SourceDate "1999.07.01"]
[WhiteTeam "Cuba"]
[BlackTeam "France"]
[WhiteTeamCountry "GAM"]
[BlackTeamCountry "IRL"]

1. e4 c5 2. Nf3 Nc6 3. d4 cxd4 4. Nxd4 Qb6 5. Nb3 Nf6 6. Nc3 e6 7. a3 Be7 8. g4
h6 9. Be3 Qc7 10. f4 d5 11. e5 Nd7 12. Nb5 Bh4+ 13. Kd2 Qd8 14. Nd6+ Kf8 15.
Qe2 g5 16. f5 Ndxe5 17. Nxc8 d4 18. Bg1 Rxc8 19. Qe4 exf5 20. Qxf5 Kg7 21. Bg2
Nc4+ 22. Kc1 Qe7 23. Kb1 Ne3 24. Qe4 Qxe4 25. Bxe4 Rcd8 26. c3 Nxg4 27. Nxd4
Nxd4 28. Bxd4+ Rxd4 29. cxd4 Nf2 30. Bxb7 Rb8 31. Bc6 Nxh1 32. Bxh1 Rb3 33. Bg2
Rd3 34. Kc2 Rxd4 35. Rd1 Rg4 36. Bh3 Rf4 37. Rf1 Bf2 38. Bg2 Rf6 39. Bd5 g4 40.
Kd3 h5 41. Ke2 Bd4 42. Rxf6 Bxf6 43. b4 Be5 44. h3 f5 45. b5 Kf6 46. a4 Bc7 47.
h4 f4 48. Kd3 Ke5 49. Bf7 g3 0-1

[Event "40th Olympiad Open"]
[Site "Istanbul TUR"]
[Date "2012.09.05"]
[Round "8.24"]
[White "Djukic, Ni"]
[Black "Al Modiahki, M."]
[Result "1/2-1/2"]
[WhiteElo "2523"]
[BlackElo "2542"]
[PlyCount "104"]
[EventDate "2012.08.28"]
[SourceDate "1999.07.01"]
[WhiteTeam "Montenegro"]
[BlackTeam "Qatar"]
[BlackTeamCountry "MSH"]

1. e4 c5 2. Nf3 Nc6 3. d4 cxd4 4. Nxd4 g6 5. Nc3 Bg7 6. Be3 Nf6 7. Bc4 O-O 8.
Bb3 e6 9. O-O d5 10. exd5 exd5 11. Nxc6 bxc6 12. Bd4 Re8 13. Na4 Qd6 14. f3 Ba6
15. Rf2 Nh5 16. Nc5 Be2 17. Qd2 Nf4 18. Bxg7 Kxg7 19. Qd4+ Qe5 20. c3 Bb5 21.
Qxe5+ Rxe5 22. a4 Bc4 23. Bxc4 dxc4 24. Ne4 Rd8 25. Kf1 Red5 26. Rc2 f5 27. Nf2
Rd2 28. Rac1 Ne2 29. Ke1 Rxc2 30. Rxc2 Nf4 31. Kf1 Kf6 32. g3 Ne6 33. Ke2 Nc5
34. Nd1 Nxa4 35. Ne3 Nb6 36. Rc1 Re8 37. Kd2 a5 38. Ra1 a4 39. Re1 Re6 40. h4
Rd6+ 41. Kc2 Re6 42. Kd2 h5 43. Ra1 Re5 44. Ng2 Rd5+ 45. Kc2 Rd3 46. Ne1 Re3
47. Kd2 Re5 48. Ng2 Rd5+ 49. Kc2 Rd3 50. Ne1 Re3 51. Kd2 Re5 52. Ng2 Rd5+
1/2-1/2

[Event "40th Olympiad Open"]
[Site "Istanbul TUR"]
[Date "2012.09.07"]
[Round "10.25"]
[White "Ghaem Maghami, E."]
[Black "Djukic, Ni"]
[Result "1/2-1/2"]
[WhiteElo "2579"]
[BlackElo "2523"]
[PlyCount "74"]
[EventDate "2012.08.28"]
[SourceDate "1999.07.01"]
[WhiteTeam "Iran"]
[BlackTeam "Montenegro"]
[WhiteTeamCountry "MDA"]

1. e4 c5 2. Nf3 Nc6 3. Bb5 g6 4. Bxc6 dxc6 5. d3 Bg7 6. Nc3 e5 7. h3 Qe7 8. Be3
Nf6 9. Qd2 Nd7 10. a3 Nf8 11. b4 Ne6 12. Na4 b6 13. bxc5 b5 14. Nb2 O-O 15. O-O
f5 16. Bh6 fxe4 17. Bxg7 Qxg7 18. Ng5 Nxg5 19. Qxg5 exd3 20. Nxd3 Bf5 21. Qe3
Bxd3 22. cxd3 Rad8 23. a4 b4 24. Qe4 Qb7 25. Qxe5 Rxd3 26. Qe6+ Qf7 27. Qxc6
Rd2 28. Qb5 Rxf2 29. c6 b3 30. Rxf2 Qxf2+ 31. Kh1 Qc2 32. Qd5+ Kh8 33. Qd4+ Kg8
34. Qd5+ Kh8 35. Qe5+ Kg8 36. Qd5+ Kh8 37. Qd4+ Kg8 1/2-1/2

[Event "40th Olympiad Open"]
[Site "Istanbul TUR"]
[Date "2012.09.09"]
[Round "11.9"]
[White "Gopal, G."]
[Black "Guseinov, G."]
[Result "1/2-1/2"]
[WhiteElo "2550"]
[BlackElo "2613"]
[PlyCount "160"]
[EventDate "2012.08.28"]
[SourceDate "1999.07.01"]
[WhiteTeam "India"]
[BlackTeam "Azerbaijan"]
[WhiteTeamCountry "MRI"]
[BlackTeamCountry "BHN"]

1. e4 c5 2. Nf3 Nc6 3. Bb5 d6 4. O-O Bd7 5. Re1 Nf6 6. c3 a6 7. Bf1 Bg4 8. h3
Bxf3 9. Qxf3 g6 10. d3 Bg7 11. Be3 O-O 12. Nd2 Nd7 13. Qd1 b5 14. a3 a5 15. Nf3
a4 16. d4 Qb6 17. Rc1 Na5 18. Rc2 Rac8 19. h4 Nf6 20. Bg5 cxd4 21. cxd4 Qb7 22.
Bd3 Nb3 23. Rxc8 Rxc8 24. Qe2 Qb6 25. e5 Ng4 26. Bxb5 e6 27. Bxa4 Nxd4 28. Nxd4
Qxd4 29. Bd7 Rc7 30. Bxe6 Nxe5 31. Bb3 Rb7 32. Rd1 Qb6 33. Bd5 Qxb2 34. Qxb2
Rxb2 35. a4 h6 36. Be3 Ng4 37. Ba7 Bc3 38. Rc1 Bf6 39. g3 Ne5 40. Rc7 Rd2 41.
Bb3 Rb2 42. Rb7 Nc6 43. Rxf7 Rxb3 44. Rxf6 Nxa7 45. Rxg6+ Kh7 46. Rxd6 Nc8 47.
Rc6 Ne7 48. Rc7 Rb1+ 49. Kg2 Re1 50. a5 Kg6 51. a6 Kf6 52. a7 Ra1 53. Kh3 h5
54. Kg2 Ra3 55. Kf1 Ra2 56. Kg1 Nf5 57. Rb7 Kg6 58. Rb6+ Kf7 59. Rb7+ Kf6 60.
Rc7 Kg6 61. Rb7 Kf6 62. Rc7 Kg6 63. Rd7 Kf6 64. Kf1 Kg6 65. Ke1 Kf6 66. Kf1 Kg6
67. Rb7 Kf6 68. Rc7 Kg6 69. Rd7 Kf6 70. Rb7 Kg6 71. Ke1 Kf6 72. Kf1 Kg6 73.
Rb6+ Kf7 74. Rb7+ Kg6 75. Rd7 Kf6 76. Rc7 Kg6 77. Rb7 Kf6 78. Rc7 Kg6 79. Rd7
Kf6 80. Rb7 Ke5 1/2-1/2

[Event "40th Olympiad Open"]
[Site "Istanbul TUR"]
[Date "2012.08.29"]
[Round "2.20"]
[White "Dgebuadze, A."]
[Black "Djukic, Ni"]
[Result "1/2-1/2"]
[WhiteElo "2556"]
[BlackElo "2523"]
[PlyCount "67"]
[EventDate "2012.08.28"]
[SourceDate "1999.07.01"]
[WhiteTeam "Belgium"]
[BlackTeam "Montenegro"]
[WhiteTeamCountry "BER"]

1. e4 c5 2. Nf3 Nc6 3. d4 cxd4 4. Nxd4 Qc7 5. Nc3 e6 6. g3 a6 7. Bg2 Nf6 8. O-O
Bc5 9. Nxc6 dxc6 10. Na4 Ba7 11. c4 Nd7 12. b4 a5 13. b5 e5 14. Qg4 g6 15. Qf3
Bd4 16. Ba3 c5 17. Rab1 b6 18. Bh3 O-O 19. Bc1 Kg7 20. Rb3 Qd6 21. Rd3 Nf6 22.
Bxc8 Raxc8 23. Bg5 Ng8 24. Nc3 h6 25. Be3 Nf6 26. Rc1 Qe7 27. Qe2 Bxc3 28.
Rcxc3 Nxe4 29. Bxh6+ Kxh6 30. Qxe4 Rfd8 31. Rxd8 Rxd8 32. Rd3 Rxd3 33. Qxd3 e4
34. Qc3 1/2-1/2

[Event "ZMDI Open A 2012"]
[Site "Dresden GER"]
[Date "2012.08.26"]
[Round "9.2"]
[White "Danin, A."]
[Black "Kovchan, A."]
[Result "1/2-1/2"]
[WhiteElo "2530"]
[BlackElo "2576"]
[PlyCount "24"]
[EventDate "2012.08.18"]
[SourceDate "1999.07.01"]

1. e4 c5 2. Nf3 Nc6 3. d4 cxd4 4. Nxd4 g6 5. c4 Bg7 6. Be3 Nf6 7. Nc3 d6 8. Be2
O-O 9. O-O Bd7 10. f3 Nxd4 11. Bxd4 a5 12. b3 Bc6 1/2-1/2